[Event "Corus"]
[Site "Wijk aan Zee"]
[Date "2007.01.19"]
[Round "6"]
[White "Motylev, Alexander"]
[Black "Carlsen, Magnus"]
[Result "1/2-1/2"]
[WhiteElo "2647"]
[BlackElo "2690"]
[PlyCount "88"]
[EventDate "2007.01.13"]
[EventType "tourn"]
[EventRounds "13"]
[EventCountry "NED"]
[EventCategory "19"]
[SourceTitle "CBM 117"]
[Source "ChessBase"]
[SourceDate "2007.03.30"]
[SourceVersion "1"]
[SourceVersionDate "2007.03.30"]
[SourceQuality "1"]

1. e4 e5 2. Nf3 Nc6 3. Nc3 Nf6 4. Bb5 Nd4 5. Ba4 Bc5 6. Nxe5 O-O 7. Nd3 Bb6 8. e5 c6 9. O-O Ne8 10. Ne2 Qh4 11. Nxd4 Qxd4 12. Bb3 d5 13. Qe2 f6 14. e6 $146 ({RR} 14. Qe3 fxe5 15. Qxe5 Qh4 16. Qg3 Qh5 17. c3 Bg4 18. h3 Be2 19. Nf4 Rxf4 20. Qxf4 Bc7 21. Qe3 Bxf1 22. Kxf1 Nf6 23. g4 Qh4 24. d4 Re8 25. Qf3 h5 26. gxh5 Ne4 27. Be3 Rf8 28. Qg4 Rxf2+ {Haas,F (2118)-Schimnatkowski,L (2173) Playchess.com INT 2021 0-1 (59)}) ({RR} 14. Qe3 fxe5 15. Qxe5 Qh4 16. Qg3 Qh5 17. c3 Bg4 18. h3 Be2 19. Nf4 Rxf4 20. Qxf4 Bc7 21. Qe3 Bxf1 22. Kxf1 Nf6 23. g4 Qh4 24. d4 Re8 25. Qf3 h5 26. gxh5 Ne4 27. Be3 Rf8 28. Qg4 Rxf2+ {Haas,F (2118)-Schimnatkowski,L (2173) Playchess.com INT 2021 0-1 (59)}) 14... Nc7 15. c3 Qh4 16. g3 Qh6 17. Nc5 Bxc5 18. d4 Qh3 19. dxc5 Nxe6 20. Be3 Re8 21. Qd2 Nf8 22. Rae1 Ng6 23. f3 h5 24. Bd4 Bf5 25. c4 Ne7 26. Re3 Be6 27. Qe2 Kf7 28. g4 Ng6 29. f4 Bxg4 30. cxd5 Bxe2 31. dxc6+ Kf8 32. Rxh3 Bxf1 33. Kxf1 bxc6 34. f5 Nf4 35. Rh4 Nd3 36. Be6 Rab8 37. Rxh5 Rb4 38. Rh8+ Ke7 39. Bxf6+ Kxf6 40. Rxe8 Rxb2 41. Rf8+ Ke5 42. Rf7 Nxc5 43. Rxg7 Rxh2 44. Rxa7 Nxe6 1/2-1/2

[Event "Corus"]
[Site "Wijk aan Zee"]
[Date "2007.01.20"]
[Round "7"]
[White "Carlsen, Magnus"]
[Black "Svidler, Peter"]
[Result "0-1"]
[WhiteElo "2690"]
[BlackElo "2728"]
[Annotator "Marin,Mihail"]
[PlyCount "94"]
[EventDate "2007.01.13"]
[EventType "tourn"]
[EventRounds "13"]
[EventCountry "NED"]
[EventCategory "19"]
[SourceTitle "CBM 117"]
[Source "ChessBase"]
[SourceDate "2007.03.30"]
[SourceVersion "1"]
[SourceVersionDate "2007.03.30"]
[SourceQuality "1"]

1. e4 e5 2. Nf3 Nc6 3. Bb5 a6 4. Ba4 Nf6 5. O-O Be7 6. Re1 b5 7. Bb3 O-O 8. a3 Bc5 $5 {This move certainly looks like a loss of tempo. However, since this tempo was used by White to play the modest move a3, Black's position should be entirely viable.} 9. c3 d6 10. d4 Bb6 11. Be3 h6 12. h3 {After this prophylactic move, Black will have to develop his bishop to b7 sooner or later. This will transpose to the Arhangelsk variation, where the presence of the pawn on a3 instead of a2 makes little or no difference.} Re8 ({In the Arhangelsk, after} 12... Bb7 13. Nbd2 {one of the main line goes} exd4 14. cxd4 {and now 14...b4, which is impossible in the given circumstances of our present game. This is the only moment when the move a3 seems to be useful, but Black has other viable continuations at his disposal.}) 13. Nbd2 Bb7 14. dxe5 $146 {Technically speaking, a novelty in the position with the pawn on a3 and a very rare move in the Arhangelsk.} ({Svidler must have got his inspiration from the following game, where he had White:} 14. Bc2 {This move is possible because the typical counterplay based on exd4 followed by ...b4 is impossible. In the Arhangelsk, only few games with this move are available.} Nb8 15. dxe5 dxe5 16. Bxb6 cxb6 17. a4 bxa4 18. Bxa4 b5 19. Bb3 Nbd7 20. Qe2 Nc5 21. Bc2 Qc7 22. Qe3 a5 23. Nh4 Rad8 24. Nf5 Bc8 25. Nf3 Bxf5 26. exf5 b4 $132 {Svidler,P (2765)-Leko,P (2740)/Monte Carlo 2006/CBM 111 ext (½-½, 46)}) ({The main moves in the Arhangelsk are} 14. d5 {followed by xb6}) ({and} 14. Qb1) ({RR} 14. d5 Ne7 15. Bxb6 cxb6 16. Ba2 Bc8 17. b4 Ng6 18. Re3 Nh7 19. Kh2 Rf8 20. Rc1 Nf4 21. c4 bxc4 22. Nxc4 b5 23. Na5 f5 24. Nc6 Qf6 25. Bb1 Kh8 26. Qb3 Bd7 27. exf5 Bxf5 28. Ncxe5 dxe5 {Short,N (2676)-Gustafsson,J (2647) Pattaya 2011 0-1 (33)}) ({RR} 14. Bc2 Nb8 15. dxe5 dxe5 16. Bxb6 cxb6 17. a4 bxa4 18. Bxa4 b5 19. Bb3 Nbd7 20. Qe2 Nc5 21. Bc2 Qc7 22. Qe3 a5 23. Nh4 Rad8 24. Nf5 Bc8 25. Nf3 Bxf5 26. exf5 b4 27. cxb4 axb4 28. Rad1 e4 {Svidler,P (2765)-Leko,P (2740) Monte Carlo 2006 ½-½ (46)}) 14... dxe5 15. Bxb6 cxb6 16. Nh2 Qe7 17. Ng4 Rad8 $11 {Black has succesfully solved his opening problems.} 18. Nxf6+ Qxf6 19. Qe2 Na5 20. Ba2 Bc8 21. Nf1 Qg6 22. Kh2 Be6 23. Bxe6 Rxe6 {By maintaining the e4-pawn under pressure, Black prevents the transfer of the enemy knight to d5.} (23... Qxe6 24. Ne3 $14) 24. a4 $2 {A curious mistake.} (24. Rad1 $11) 24... Nb3 25. Rad1 $6 (25. Ra3 bxa4 26. Rxa4 Nc5 27. Ra2 Red6 $15) 25... Rxd1 26. Rxd1 bxa4 $17 {Black is just a pawn up.} 27. Qxa6 Qxe4 28. Qc8+ Kh7 29. Rd8 Qf4+ 30. Ng3 Nd2 31. h4 Qxh4+ 32. Kg1 e4 33. Rxd2 e3 34. Rd3 Qf4 35. Rxe3 Rxe3 36. fxe3 Qxg3 37. Qf5+ Qg6 38. Qd5 Qe6 39. Qd4 g6 40. Qxa4 Qxe3+ 41. Kh2 h5 42. Qd1 Kg7 43. Qd6 f6 44. Qc7+ Kh6 45. b4 Kg5 46. Qc6 Qe5+ 47. Kg1 b5 0-1

[Event "Corus"]
[Site "Wijk aan Zee"]
[Date "2007.01.23"]
[Round "9"]
[White "Carlsen, Magnus"]
[Black "Radjabov, Teimour"]
[Result "1/2-1/2"]
[WhiteElo "2690"]
[BlackElo "2729"]
[PlyCount "41"]
[EventDate "2007.01.13"]
[EventType "tourn"]
[EventRounds "13"]
[EventCountry "NED"]
[EventCategory "19"]
[SourceTitle "CBM 117"]
[Source "ChessBase"]
[SourceDate "2007.03.30"]
[SourceVersion "1"]
[SourceVersionDate "2007.03.30"]
[SourceQuality "1"]

1. e4 c5 2. Nf3 Nc6 3. d4 cxd4 4. Nxd4 e5 5. Nb5 d6 6. N1c3 a6 7. Na3 b5 8. Nd5 Nge7 9. c4 Nxd5 10. exd5 Nd4 11. cxb5 Be7 12. Be3 Nf5 13. Bd2 e4 14. bxa6 O-O 15. Be2 Bf6 16. Nc4 Bxa6 17. O-O Nd4 $146 ({RR} 17... Bxc4 18. Bxc4 Bxb2 19. Rb1 Be5 20. Qg4 Nd4 21. Qxe4 f5 22. Qd3 f4 23. Bc3 f3 24. Bxd4 Bxh2+ 25. Kxh2 Qh4+ 26. Kg1 Qg4 27. Qxf3 Rxf3 28. Be2 Qxd4 29. Bxf3 Rxa2 30. Rbd1 Qf4 31. Rfe1 g6 32. Re8+ {Fakhiridou,E (2270)-Vasiliev,O (2214) Heraklion 2007 1-0 (54)}) 18. Rc1 Bb5 19. Bc3 Nxe2+ 20. Qxe2 Rxa2 21. Qxe4 1/2-1/2

[Event "Corus"]
[Site "Wijk aan Zee"]
[Date "2007.01.26"]
[Round "11"]
[White "Carlsen, Magnus"]
[Black "Van Wely, Loek"]
[Result "1/2-1/2"]
[WhiteElo "2690"]
[BlackElo "2683"]
[PlyCount "218"]
[EventDate "2007.01.13"]
[EventType "tourn"]
[EventRounds "13"]
[EventCountry "NED"]
[EventCategory "19"]
[SourceTitle "CBM 117"]
[Source "ChessBase"]
[SourceDate "2007.03.30"]
[SourceVersion "1"]
[SourceVersionDate "2007.03.30"]
[SourceQuality "1"]

1. e4 c5 2. Nf3 d6 3. d4 cxd4 4. Nxd4 Nf6 5. Nc3 a6 6. Be3 e5 7. Nf3 Be7 8. Bc4 O-O 9. Qd3 ({RR} 9. Bb3 Nc6 10. Qd3 h6 11. O-O Na5 12. Nd2 Rb8 13. Ba7 Ra8 14. Be3 Rb8 15. Nd5 Nxb3 16. Bb6 Qe8 17. Nxf6+ Bxf6 18. cxb3 Qc6 19. Ba7 Ra8 20. Be3 b5 21. Rac1 Qd7 22. Nb1 Bb7 23. Nc3 Rac8 {McShane,L (2671)-Van Wely,L (2674) Baku 2016 0-1 (73)}) 9... Nc6 ({RR} 9... Nbd7 10. O-O-O Qc7 11. Nd5 Nxd5 12. Bxd5 Nf6 13. Bb3 b5 14. Bg5 Bb7 15. Bxf6 Bxf6 16. Bd5 Rac8 17. Rd2 Rfd8 18. Rhd1 Bxd5 19. Qxd5 Qb6 20. g3 a5 21. h4 b4 22. Nh2 a4 23. Kb1 Rc5 24. Qd3 {Polak,M (1997)-Wieckowski,M (1964) Warsaw POL 2024 ½-½ (60)}) 10. a3 b5 11. Bd5 Qc7 $146 ({RR} 11... Bb7 12. O-O Qc7 13. Bg5 Rac8 14. Bxc6 Bxc6 15. Rad1 Nxe4 16. Bxe7 Qxe7 17. Nxe4 d5 18. Neg5 e4 19. Qe3 f5 20. g3 f4 21. gxf4 h6 22. Nh3 g5 23. Kh1 Rf7 24. Ne5 Rg7 25. Nxc6 Rxc6 26. fxg5 {Meijers,V (2445)-Boehm,M (2295) Boeblingen 1997 1-0}) ({RR} 11... Nxd5 12. Nxd5 Be6 13. O-O Bxd5 14. Qxd5 Rc8 15. Rfc1 Na5 16. b3 Qc7 17. Bd2 Qb6 18. a4 b4 19. c3 bxc3 20. Rxc3 Rxc3 21. Bxc3 Nc6 22. Rc1 Rb8 23. Bd2 Nb4 24. Qc4 a5 25. h3 h6 26. Qc7 {Moskovic,D (2251)-James,D (2253) West Bromwich 2003 ½-½ (53)}) 12. Bg5 Be6 13. Bxf6 Bxf6 14. O-O Rac8 15. Rfd1 Nd4 16. h3 g6 17. Rac1 Bg7 18. Qe3 Qb8 19. Qd3 Qc7 20. Nxd4 exd4 21. Bxe6 fxe6 22. Ne2 Bh6 23. Rb1 Qxc2 24. Qxc2 Rxc2 25. Nxd4 Rcxf2 26. Nxe6 R8f6 27. Rxd6 Be3 28. Kh1 Kf7 29. Nd8+ Ke7 30. Rxf6 Rxf6 31. e5 Rb6 32. Rd1 Bf4 33. g4 Bxe5 34. Re1 Kf6 35. Rf1+ Ke7 36. Re1 Kf6 37. Rf1+ Kg7 38. Rf7+ Kg8 39. b3 Rd6 40. Re7 Bb2 41. Re8+ Kg7 42. a4 Rd3 43. axb5 axb5 44. Kg2 Bf6 45. Nc6 Rxb3 46. Rb8 h5 47. gxh5 gxh5 48. Na7 b4 49. Nc6 Bc3 50. Nxb4 Bxb4 51. h4 Kf6 52. Rb5 Kg6 53. Rg5+ Kf6 54. Rb5 Ke6 55. Rxh5 Bd6 56. Rg5 Bf4 57. Rc5 Be5 58. h5 Rg3+ 59. Kf1 Rh3 60. Ke2 Kf5 61. h6 Ke4 62. Rc4+ Bd4 63. Rc2 Rxh6 64. Rd2 Rh3 65. Rc2 Bc3 66. Kd1 Kd4 67. Rf2 Kd3 68. Rd2+ Kc4 69. Rf2 Re3 70. Re2 Rd3+ 71. Kc2 Bd4 72. Rd2 Ra3 73. Re2 Be3 74. Kd1 Ra1+ 75. Kc2 Kd4 76. Kb2 Ra8 77. Kb1 Rh8 78. Kc2 Rc8+ 79. Kb3 Kd3 80. Rb2 Bd2 81. Rb1 Ra8 82. Rb2 Ra1 83. Ra2 Rd1 84. Rc2 Ra1 85. Rc3+ Kd4 86. Rc4+ Kd5 87. Rg4 Be3 88. Kc2 Bd4 89. Kd3 Ra3+ 90. Ke2 Kc4 91. Rg2 Rh3 92. Kd2 Re3 93. Re2 Ra3 94. Kc2 Be3 95. Kb2 Kb4 96. Kb1 Bd4 97. Kc2 Kc4 98. Rd2 Be3 99. Re2 Rb3 100. Kd1 Kd3 101. Rd2+ Ke4 102. Kc2 Rb8 103. Rd3 Bd4 104. Rd2 Rc8+ 105. Kd1 Be3 106. Rc2 Rf8 107. Ke2 Kd4 108. Kd1 Kd3 109. Rd2+ Bxd2 1/2-1/2

[Event "Corus"]
[Site "Wijk aan Zee"]
[Date "2007.01.27"]
[Round "12"]
[White "Karjakin, Sergey"]
[Black "Carlsen, Magnus"]
[Result "1/2-1/2"]
[WhiteElo "2678"]
[BlackElo "2690"]
[Annotator "Ftacnik,Lubomir"]
[PlyCount "70"]
[EventDate "2007.01.13"]
[EventType "tourn"]
[EventRounds "13"]
[EventCountry "NED"]
[EventCategory "19"]
[SourceTitle "CBM 117"]
[Source "ChessBase"]
[SourceDate "2007.03.30"]
[SourceVersion "1"]
[SourceVersionDate "2007.03.30"]
[SourceQuality "1"]

1. e4 {Pavlovic,Milos Fernandez,Daniel Howard} e5 2. Nf3 Nc6 3. Bb5 a6 4. Ba4 Nf6 5. O-O Nxe4 6. d4 b5 7. Bb3 d5 8. dxe5 Be6 9. Nbd2 Be7 ({RR} 9... Nc5 10. c3 d4 ({RR} 10... Be7 11. Bc2) 11. Ng5 dxc3 ({RR} 11... Qxg5 12. Qf3 O-O-O 13. Bxe6+ fxe6 14. Qxc6 Qxe5 15. b4 Qd5) 12. Nxe6 fxe6 13. bxc3 Qd3 14. Nf3 ({RR} 14. Bc2 Qxc3 15. Nb3) 14... O-O-O 15. Qe1 Nxb3 16. axb3 Kb7 17. Be3 Be7 18. Bg5 ({RR} 18. Qc1) 18... h6 ({RR} 18... Rhe8) 19. Bxe7 Nxe7 20. Nd4 Rxd4 21. cxd4 Qxb3 22. Qe3 Qxe3 23. fxe3 Nd5 24. Kf2) ({RR} 9... Nc5 10. c3 d4) 10. c3 O-O 11. Bc2 f5 ({RR} 11... Bf5) 12. Nb3 ({RR} 12. exf6 Nxf6 13. Nb3 Bg4 14. Qd3) 12... Qd7 13. Nbd4 Nxd4 14. Nxd4 c5 15. Nxe6 Qxe6 16. f3 Ng5 17. a4 ({RR} 17. Bxg5 Bxg5 18. f4) 17... Rad8 ({RR} 17... b4) 18. axb5 axb5 19. Bxg5 ({RR} 19. Ra7 Rd7 20. Rxd7 Qxd7 21. Bxg5 Bxg5 22. f4 Bd8 23. b3) 19... Bxg5 20. f4 Be7 21. Kh1 {The two youngest participants have courageously entered the discussion of the position, that became very topical lately.} ({RR} 21. b4 cxb4 22. cxb4 Bxb4 23. Qd3) ({RR} 21. b4 d4 22. bxc5 Kh8 23. cxd4 Bxc5 24. Kh1 Bxd4 25. Rb1 b4 26. Qf3 Bc3 27. Bb3 Qe7 28. Rbd1 Rxd1 29. Rxd1 Rd8 30. Rxd8+ Qxd8 31. Qb7 g6 32. Qf7 Bd4 33. g3 Qa8+ 34. Bd5 Qd8 35. Kg2 Bc3 {Yagupov,I (2230)-Raczek,K (2443) chess.com INT 2025 1-0 (42)}) 21... Kh8 (21... c4 22. Qd4 Qc6 23. b4 $1 cxb3 24. Bxb3 Kh8 25. Ra5 Rc8 26. Bxd5 Qxc3 27. Qxc3 Rxc3 28. Rxb5 {1/2 Volokitin,A (2660)-Harikrishna,P (2680)/Foros 2006/ (90)}) (21... Qb6 22. b3 (22. Qf3 d4 23. cxd4 {1/2 Fedorov,A (2614)-Atalik,S (2632)/Malmo 2006/}) ({RR} 22. g4 d4 23. Bxf5 dxc3 24. Qb3+ c4 25. Qxc3 Rd4 26. Qe3 Qb7+ 27. Qf3 Qxf3+ 28. Rxf3 Bb4 29. Be6+ Kh8 30. Kg2 g6 31. Kg3 Rd2 32. Rf2 Rxf2 33. Kxf2 Bd2 34. f5 c3 35. bxc3 Bxc3 36. Rb1 Bxe5) 22... d4 23. c4 bxc4 24. bxc4 Qb7 25. Bd3 {1/2 Karjakin,S (2672)-Fressinet,L (2640)/Cap d'Agde 2006/ (44)}) ({RR} 21... d4 22. cxd4 c4 23. b3 ({RR} 23. Qd2 Qd5 ({RR} 23... Bc5 24. Qa5) 24. Ra5) 23... Bc5 24. bxc4 Rxd4 25. Qf3 bxc4 26. Rfd1 g6 27. Rxd4 Bxd4 28. Rd1 ({RR} 28. Ra8 Rxa8 29. Qxa8+ Kg7 30. Qb7+ Qf7 31. Qxf7+) 28... Rd8 29. Qb7 Bb6 30. Rxd8+ Bxd8 31. Ba4 Qb6 32. Qxb6 Bxb6 {½-½ (32) Anand,V (2767)-So,W (2792) Wijk aan Zee 2018 CBM 183 [Fernandez,Daniel Howard]}) ({RR} 21... Qb6 22. Qd3 c4 ({RR} 22... d4 23. c4 bxc4 24. Qxc4+ Kh8 25. b3) 23. Qh3 g6 ({RR} 23... Qe6 24. Rfd1 g6 25. Qe3 Rd7 26. Qd4 Rc8 27. b4 Bd8 28. g4 fxg4 29. f5 gxf5 30. Rf1 Bb6 31. Qf4) 24. g4 d4 ({RR} 24... fxg4 25. Qxg4 d4 26. Be4 ({RR} 26. f5 d3 27. Bd1 Qe3 28. f6 Qxe5 29. fxe7 Rxf1+ 30. Kg2 Qxe7 31. Kxf1 Rf8+ 32. Kg2 Qe1) 26... Kh8 27. f5 ({RR} 27. Rg1 dxc3 28. bxc3 Bc5 29. Rg3 Rf7) 27... gxf5 28. Rxf5 Rxf5 29. Qxf5 Qh6 30. cxd4 Rxd4) 25. gxf5 Qc6+ ({RR} 25... d3 26. Bd1 ({RR} 26. fxg6 Qc6+ 27. Rf3 hxg6 28. Bd1 Rxf4) 26... Rxf5 27. Bg4 Rff8 28. f5 gxf5 29. Bxf5 Qb7+ 30. Rf3 Rxf5 31. Qg2+ Rg5 32. Rf8+ Rxf8 33. Qxb7 Rxe5) 26. Qg2 Qxg2+ 27. Kxg2 d3 28. Bd1 Rxf5 29. Bg4 Rff8 30. Ra5 h5 ({RR} 30... Kh8 31. Rxb5 h5 32. Bd1 Rb8 33. Ba4 Ra8 34. b3 d2 35. Rd5 Rfb8 36. Rxd2 cxb3 37. Rd4 b2 38. Rb1 Ra5 39. Kf3 g5) 31. Bd1 ({RR} 31. Be6+ Kh8 32. f5 d2 33. Rd1 Bg5 ({RR} 33... gxf5 34. Rxb5) 34. Rxb5 Rb8 35. Rxb8 Rxb8 36. h4 Bh6 37. fxg6 Kg7 38. Bxc4 Rxb2 39. Bd3 Ra2 40. e6 Ra5 41. Bc2 Re5) 31... b4 ({RR} 31... Rb8 32. Ra6 Kg7 33. Ra7 Rbe8 34. Rb7 Kh6 35. Rxb5 Rb8 36. Ba4 Ra8 37. b3 d2 38. Rd5 Rfb8 39. Rxd2 cxb3 40. Bd7 Ra2 41. Rxa2 bxa2 42. Ra1 Rb2+ 43. Kf3 Rxh2 44. Be6 Rc2 45. Rxa2 Rxc3+) 32. Ra6 bxc3 33. bxc3 Kh7 ({RR} 33... Kg7 34. Ra7 Kf7 35. Bf3) 34. Ra7 Rf7 35. Rc7 Rd5 36. Rxc4 {Karjakin,S (2779)-Hou,Y (2663) Shamkir 2016 CBM 173 [Pavlovic,Milos] 1-0 (53)}) 22. Qd3 (22. Ra7 d4 23. cxd4 Rxd4 24. Qf3 Rd2 25. Rf2 Rd7 26. Rxd7 Qxd7 27. h3 c4 28. g4 g6 29. gxf5 {1/2 Polgar,S (2480)-Unzicker,W (2460)/Bad Homburg 1996/}) 22... Qb6 {Carlsen had a direct experience from the game against Krasenkow. Leading white pieces he had developed really dangerous attack.} (22... Qc6 23. Rfd1 c4 (23... d4 24. c4) 24. Qf3 g6 (24... b4 25. cxb4 Bxb4 26. Rd4 Bc5 $2 27. Rxc4) 25. b4 Rd7 26. Qe3 Ra8 27. Qd4 Rdd8 28. g4 Rxa1 29. Rxa1 Ra8 30. Rg1 Bd8 31. e6+ Kg8 32. gxf5 Bb6 33. Qe5 Bxg1 34. fxg6 hxg6 35. Bxg6 Bb6 {1/2 Carlsen,M (2646)-Krasenkow,M (2650)/Tromsoe 2006/ (44)}) 23. g4 c4 $146 (23... d4 24. gxf5 c4 25. Qe4 d3 26. Bd1 Qh6 27. Ra7 Bc5 {1/2 Fedorov,A (2617)-Delchev,A (2628)/Predeal 2006/ (38)}) ({RR} 23... d4 24. gxf5 c4 25. Qe4 d3 26. Bd1 Qh6 27. Ra7 Bc5 28. Rc7 Rc8 29. Rxc8 Rxc8 30. Bf3 Rd8 31. Kg2 Qh4 32. Ra1 d2 33. Qc6 Qf2+ 34. Kh3 Bf8 35. f6 Rd3 36. fxg7+ Kxg7 37. Qf6+ Kg8 38. Qe6+ {Fedorov,A (2617)-Delchev,A (2628) Predeal 2006 ½-½ (38)}) 24. Qh3 Qc6 (24... d4 25. Bxf5 g6 (25... Qc6+ 26. Qg2) 26. Be4 Qe6 27. Qg3 $16) 25. Qg2 (25. Bxf5 g6 26. Bc2 (26. Bb1 d4+ 27. Qg2 Qxg2+ 28. Kxg2 d3 $44) 26... d4+ 27. Qg2 (27. Kg1 $4 d3) 27... Qxg2+ 28. Kxg2 dxc3 29. bxc3 Rd2+ 30. Rf2 Rxf2+ 31. Kxf2 Rxf4+ $11) (25. gxf5 d4+ 26. Qg2 Qxg2+ 27. Kxg2 d3 28. Bd1 Rxf5 $11) 25... fxg4 26. f5 Bc5 $6 {The critical position of the whole game was asking for the defender's full attention. It seems a bit absurd, that the best solution layed in the advance of the pawn to the g3 squre.} (26... Qc7 27. f6 $1 (27. Rae1 d4) 27... gxf6 28. Qxg4 fxe5 (28... Qxe5 29. Rfe1) (28... Bc5 29. exf6 d4 30. Be4 $14) 29. Bxh7 $1 Bg5 (29... Kxh7 30. Qh5+ Kg7 31. Rg1+) 30. Bg6 Bh6 31. Qh5 Qg7 32. Rg1 $18) (26... g3 $1 27. Rf3 (27. hxg3 Qh6+ 28. Qh2 Qxh2+ 29. Kxh2 d4) (27. Rae1 Qh6 28. Qxg3 Bh4 $17) (27. f6 gxf6 28. Bxh7 fxe5 $1) (27. Qxg3 $2 d4+ 28. Qg2 Qxg2+ 29. Kxg2 d3 30. Bd1 Rd5) 27... d4 28. cxd4 Rxd4 29. Rxg3 Qxg2+ 30. Rxg2 Rfd8 $11) 27. Qxg4 Rde8 (27... d4+ 28. Be4 Qc7 29. f6 gxf6 30. exf6 $14) 28. f6 $1 (28. Rae1 d4+ 29. Be4 Qc7 30. f6 Rxe5 31. cxd4 Bxd4 32. Rd1 Rxe4 33. fxg7+ Qxg7 34. Rxf8+ Qxf8 35. Qxe4 Bxb2 $11) 28... gxf6 29. Bxh7 $1 Rxe5 (29... Kxh7 30. Qh5+ Kg7 31. Rg1+ Bxg1 32. Rxg1#) 30. Bf5 $2 {Karjakin pays back to his opponent with the unexact solution. Most likely the fine idea 30.g6! would have won.} (30. Bg6 $1 Qb7 (30... d4+ 31. Rf3 Qb7 32. Rg1 $18) 31. Bf5 $1 Rf7 (31... d4+ 32. Rf3 Rxf5 33. Qxf5 $18) 32. Rf3 Rg7 33. Qh3+ $1 Kg8 34. Be6+ $18) 30... Rf7 (30... Rg8 31. Qh5+ Kg7 32. Qh7+ Kf8 33. Bd7 $1 $18) (30... d4+ 31. Rf3 Rg8 32. Qh5+ (32. Qh4+ Kg7 33. Be4 $1 Rxe4 34. Rg1+ Kf7 $1 35. Qh7+ Ke6 36. Rxf6+ $1 Kxf6 37. Qh6+ Ke7 38. Qxc6 Rxg1+ 39. Kxg1 Re5 $11) 32... Kg7 33. Qg6+ Kf8 34. Ra8+ $1 Qxa8 (34... Ke7 $6 35. Qh7+ Kd6 36. Be4 $1 Rxe4 37. Qxg8 Re8 $1 38. Qg3+ Kd7 39. Rxe8 Kxe8 40. Qg6+ $16) 35. Qxf6+ Ke8 36. Qxe5+ Kd8 37. Bg4 $1 (37. Be4 $4 Qa1+ $19) 37... Rf8 $1 (37... Qa1+ $2 38. Kg2 Rxg4+ 39. Kh3 Qg1 40. Qb8+ $18) (37... Rxg4 38. Qh8+ $18) 38. Qxc5 Qa1+ (38... Rxf3 39. Qxd4+ Ke7 40. Bxf3 Qxf3+ 41. Kg1 $16) 39. Kg2 Qxb2+ 40. Kg3 Rxf3+ 41. Bxf3 Qxc3 42. Qd6+ $16) 31. Rae1 {More troublesome for the defender was the move with the other rook as the one on a1 was ready in a good firing location.} (31. Rf3 Rg7 32. Rh3+ Kg8 33. Ra8+ $1 (33. Qh5 $2 d4+ 34. Qf3 Qxf3+ 35. Rxf3 d3 $19) (33. Qf3 Re3 $19) 33... Qxa8 34. Be6+ Rxe6 (34... Kf8 35. Rh8+ Ke7 36. Qxg7+ Kxe6 37. Qg4+ $1 (37. Rxa8 $2 Re1+ 38. Kg2 Rg1+ $19) 37... Kd6 38. Rxa8 Re1+ 39. Kg2 Rg1+ 40. Kf3 Rxg4 41. Kxg4 $18) 35. Qxe6+ Rf7 36. Qg4+ Rg7 37. Qe6+ Rf7) (31. Rfe1 $1 d4+ (31... Bb6 32. Qh5+ Kg8 33. Qg6+ Rg7 (33... Kf8 34. Rxe5) 34. Be6+ $1 Rxe6 (34... Qxe6 35. Ra8+) 35. Rxe6 Rxg6 36. Rxc6 $18) (31... Rg7 32. Qh3+ Kg8 33. Rxe5 fxe5 34. Be6+ $18) 32. Be4 Rxe4 (32... Qe6 $2 33. Ra8+ $18) 33. Rxe4 d3 34. Qg2 Rh7 35. Rae1 Bf8 36. Rg1 Qd5 $14) 31... d4+ 32. Be4 Qe6 33. Bf5 (33. Qh4+ Kg7 $1 (33... Kg8 $2 34. Qh6 $1 Bf8 35. Rg1+ Bg7 36. Ra1 $16) 34. Rg1+ Kf8 35. Qh8+ Ke7 36. Rg8 Qd7 $13) 33... Qc6+ 34. Be4 {Karjakin decided to accept the draw with move repetition as the continuation of the attack was not promissing concrete results.} Qe6 35. Bf5 Qc6+ 1/2-1/2

[Event "Morelia/Linares 24th"]
[Site "Morelia/Linares"]
[Date "2007.02.25"]
[Round "7"]
[White "Svidler, Peter"]
[Black "Carlsen, Magnus"]
[Result "1/2-1/2"]
[WhiteElo "2728"]
[BlackElo "2690"]
[Annotator "Marin,Mihail"]
[PlyCount "53"]
[EventDate "2007.02.17"]
[EventType "tourn"]
[EventRounds "14"]
[EventCountry "ESP"]
[EventCategory "20"]
[SourceTitle "CBM 117"]
[Source "ChessBase"]
[SourceDate "2007.03.30"]
[SourceVersion "1"]
[SourceVersionDate "2007.03.30"]
[SourceQuality "1"]

1. e4 c5 2. Nf3 Nc6 3. Nc3 g6 4. d4 cxd4 5. Nxd4 Bg7 6. Be3 Nf6 7. Bc4 O-O 8. Bb3 e6 $5 ({An interesting atempt to take advantage of the presence of the d-pawn on its initial square.} 8... d6 {would have transposed to a genuine Dragon.}) 9. O-O d5 10. exd5 Nxd5 11. Nxd5 exd5 12. c3 Na5 {new} 13. Qd3 Nxb3 14. axb3 a6 15. Qd2 Re8 16. Rfe1 $146 ({RR} 16. Rad1 Bg4 17. Rde1 Qh4 18. h3 Bd7 19. Ne2 Qe4 20. Ng3 Qe6 21. Bd4 Qc6 22. Bxg7 Kxg7 23. Rd1 Be6 24. Qg5 Kh8 25. Rd4 Qc7 26. Qf6+ Kg8 27. Rd3 Qd8 28. Qf4 Qb8 29. Qd4 Qd8 30. f4 Qh4 {Forcen Esteban,D (2441)-Villuendas Valero,A (2254) Zaragoza 2011 1-0 (57)}) 16... Bd7 17. Nc2 Bc6 18. Bd4 f6 $1 {Optically speaking, an "ugly" move, creating a weakness and restricting the own bishop. However, this is the lesser evil in this position. Allowing the exchange of the dark-squared bishops would have left Black's position in ruins.} 19. Rxe8+ Qxe8 20. h3 Qf7 21. Nb4 Bf8 22. Nxc6 bxc6 23. b4 Bd6 24. b5 cxb5 25. Bxf6 a5 26. Bd4 Qf4 27. Qxf4 1/2-1/2